|
|
|
|
| LEADER |
01655nam a2200397 a 4500 |
| 001 |
58 |
| 003 |
BD-DhAAL |
| 005 |
20150617093119.0 |
| 008 |
150617s1991 cau b 001 0 eng |
| 010 |
|
|
|a 90023413
|
| 020 |
|
|
|a 0803939000
|
| 020 |
|
|
|a 0803939019 (pbk.)
|
| 040 |
|
|
|a DLC
|c DLC
|d DLC
|d BD-DhAAL
|
| 050 |
0 |
0 |
|a E183.8.S65
|b B5 1991
|
| 082 |
0 |
0 |
|a 303.48/247073
|2 20
|
| 245 |
0 |
0 |
|a Beyond the Cold War :
|b Soviet and American media images /
|c edited by Everette E. Dennis, George Gerbner, Yassen N. Zassoursky.
|
| 260 |
|
|
|a Newbury Park :
|b Sage,
|c c1991.
|
| 300 |
|
|
|a x, 180 p. ;
|c 23 cm.
|
| 504 |
|
|
|a Includes bibliographical references (p. 170) and index.
|
| 541 |
|
|
|e 58
|
| 650 |
|
0 |
|a Public opinion
|z Soviet Union.
|9 12178
|
| 650 |
|
0 |
|a Public opinion
|z United States.
|9 5656
|
| 650 |
|
0 |
|a Public opinion
|z China.
|9 12179
|
| 650 |
|
0 |
|a Mass media
|x Political aspects
|z Soviet Union.
|9 12180
|
| 650 |
|
0 |
|a Mass media
|x Political aspects
|z United States.
|9 12181
|
| 650 |
|
0 |
|a Mass media
|x Political aspects
|z China.
|9 12182
|
| 651 |
|
0 |
|a Soviet Union
|x Foreign public opinion, American.
|9 12183
|
| 651 |
|
0 |
|a United States
|x Foreign public opinion, Soviet.
|9 12184
|
| 651 |
|
0 |
|a Soviet Union
|x Foreign public opinion, Chinese.
|9 12185
|
| 651 |
|
0 |
|a United States
|x Foreign public opinion, Chinese.
|9 12186
|
| 700 |
1 |
|
|a Dennis, Everette E.
|9 12187
|
| 700 |
1 |
|
|a Gerbner, George.
|9 12188
|
| 700 |
1 |
|
|a Zassoursky, Yassen N.
|9 12189
|
| 942 |
|
|
|2 ddc
|c BK
|
| 999 |
|
|
|c 34756
|d 34756
|
| 952 |
|
|
|0 0
|1 0
|2 ddc
|4 0
|6 303_482470730000000_BEY
|7 0
|9 54361
|a SCL
|b SCL
|c GEN
|d 2015-06-17
|e Gift: The Asia Foundation
|l 0
|o 303.48247073 BEY
|p 3020000058
|r 2015-06-17
|t 1
|w 2015-06-17
|y BK
|